000 00214 a2200097 4500
020 _a9700512681
041 _aspa
100 _aMIGUEL ANGEL GRANADOS CHAPA
245 _aFOX Y CO. BIOGRAFIA NO AUTORIZADA
942 _cBK
999 _c3039
_d3039